000 00657na a2200229 4500
001 14563
003 MIRAKIL
005 20181213154932.0
008 161025b tu 000 0
035 _a14563
040 _aMilas
_btur
_cTR-AnCHP
041 _atur
082 _a331.88
_bY27y 2004
090 _a331.88 Y27y 2004
111 _aUlusal Sosyal Politika Kongresi
_cAnkara
_d2004
245 _aI. ulusal sosyal politika kongresi
_bYaşam boyu sosyal koruma
246 _aYaşam boyu sosyal koruma
260 _aAnkara
_bDİSK
_c2004
300 _a356 s.
_bfotğ.
_c25 sm.
650 _aDİSK
_xSosyal politikalar
_yToplantılar
942 _2ddc
_cBKS
999 _c3457
_d3457